| 000 | 00542nam a2200169 i 4500 | ||
|---|---|---|---|
| 001 | 36842 | ||
| 003 | ES-MaACL | ||
| 005 | 20230906155443.0 | ||
| 007 | t| | ||
| 008 | 030219s1953 sp ||||1| spa d | ||
| 100 | 1 |
_aBray, H. G. _931516 |
|
| 245 | 1 | 0 |
_aCinética y termodinámica en bioquímica / _cH. G. Bray y K. White ; versión española por Celso Gutiérrez Losa. |
| 260 |
_aZaragoza : _bAcribia, _c1953 ( _fImp. Librería General) |
||
| 300 |
_a431 p. ; _c21 cm. |
||
| 700 | 1 |
_aWhite, K. _9116668 |
|
| 852 |
_aES-MaACL _jC-14711 _bR.42549 |
||
| 999 |
_c36842 _d36842 |
||